[Event "Online Olym Div3 A"]
[Site "Chess.com INT"]
[Date "2020.08.07"]
[Round "3.4"]
[White "Mohd Saprin, Amir Ghaazi"]
[Black "Noh, Jinwoo"]
[Result "1/2-1/2"]
[WhiteElo "1951"]
[BlackElo "1476"]
[PlyCount "66"]
[EventDate "2020.08.07"]
[EventType "team-tourn (rapid)"]
[EventRounds "9"]
[EventCountry "USA"]
[SourceTitle "CBM 198"]
[Source "ChessBase"]
[SourceDate "2020.10.31"]
[SourceVersion "1"]
[SourceVersionDate "2020.10.31"]
[SourceQuality "1"]
[WhiteTeam "Malaysia"]
[BlackTeam "South Korea"]
[WhiteTeamCountry "MAS"]
[BlackTeamCountry "KOR"]

1. Nf3 d5 2. c4 e6 3. g3 d4 4. d3 Nf6 5. Bg2 c5 6. b4 Nc6 7. bxc5 Bxc5 8. 0-0 0-0 9. Nbd2 e5 10. Nb3 Qd6 11. Nxc5 Qxc5 12. a4 Re8 13. Ba3 Qa5 14. Nd2 Bd7 15. Nb3 Qc7 16. Nc5 b6 17. Nxd7 Qxd7 18. a5 Rab8 19. axb6 axb6 20. Qa4 Rec8 21. Rfb1 Ra8 22. Qb5 Rab8 23. Bxc6 Qxc6 24. Qxe5 Re8 25. Qxd4 Rxe2 26. Bc5 Rbe8 27. Bxb6 Qf3 28. Ba5 Ng4 29. Qf4 Qxf4 30. gxf4 Nxf2 31. Re1 Nh3+ 32. Kh1 Nf2+ 33. Kg1 Nh3+ 1/2-1/2

[Event "Online Olym Div3 A"]
[Site "Chess.com INT"]
[Date "2020.08.07"]
[Round "2.3"]
[White "Noh, Jinwoo"]
[Black "Kwong, Wing Ki"]
[Result "0-1"]
[WhiteElo "1476"]
[BlackElo "1876"]
[PlyCount "120"]
[EventDate "2020.08.07"]
[EventType "team-tourn (rapid)"]
[EventRounds "9"]
[EventCountry "USA"]
[SourceTitle "CBM 198"]
[Source "ChessBase"]
[SourceDate "2020.10.31"]
[SourceVersion "1"]
[SourceVersionDate "2020.10.31"]
[SourceQuality "1"]
[WhiteTeam "South Korea"]
[BlackTeam "Hong Kong"]
[WhiteTeamCountry "KOR"]
[BlackTeamCountry "HKG"]

1. e4 c5 2. Nf3 d6 3. d4 cxd4 4. Nxd4 Nf6 5. Nc3 Nc6 6. Be3 e6 7. Be2 Be7 8. 0-0 0-0 9. Bf3 Ne5 10. Qe2 Nxf3+ 11. Qxf3 a6 12. Rad1 Qc7 13. Nb3 Rb8 14. Rd2 b5 15. Qe2 b4 16. Na4 Qc6 17. e5 Ne4 18. exd6 Bxd6 19. Rxd6 Nxd6 20. Nac5 e5 21. Rd1 Nf5 22. Bc1 Re8 23. h3 a5 24. Be3 Nxe3 25. Qxe3 a4 26. Nd2 Bf5 27. g4 Bxc2 28. Rc1 Bg6 29. Nf3 Qd5 30. b3 axb3 31. Nxb3 Rbd8 32. Rc5 Qd1+ 33. Kg2 Rd3 34. Rc1 Rxe3 35. Rxd1 Re2 36. Nfd2 Bc2 37. Rc1 Bxb3 38. Nxb3 Rxa2 39. Rc4 Rb8 40. Re4 f6 41. Re1 Ra3 42. Nc5 b3 43. Rb1 b2 44. Nd7 Ra1 45. Rxa1 bxa1Q 46. Nxb8 Qa8+ 47. Kg3 Qxb8 48. Kf3 Qb3+ 49. Kg2 Kf7 50. h4 e4 51. g5 Qf3+ 52. Kg1 fxg5 53. hxg5 Kg6 54. Kf1 e3 55. Kg1 exf2+ 56. Kf1 Qe3 57. Kg2 Qe2 58. Kh3 f1Q+ 59. Kh4 Qf4+ 60. Kh3 Qeh2# 0-1